| 000 | 00517nam a2200229Ia 4500 | ||
|---|---|---|---|
| 005 | 20250425162538.0 | ||
| 008 | 250425s9999 xx 000 0 und d | ||
| 020 | _a1590597168 | ||
| 041 | _aeng | ||
| 082 | _a005.1 | ||
| 100 | _aNEWMARCH, JAN | ||
| 245 | 0 | _aFOUNDATIONS OF JINI 2 PROGRAMMING | |
| 250 | _aS.E. | ||
| 260 |
_aEstados Unidos _bAPRESS _c2006 |
||
| 260 | _aNEW YORK | ||
| 300 | _a485 | ||
| 650 | _aPROGRAMACION | ||
| 650 | _aTECNOLOGIA | ||
| 710 | _aS.A. | ||
| 942 | _c01 | ||
| 010 | _a84564 | ||
| 999 |
_c231413 _d231413 |
||